000 00460cam a2200157 4500500
005 20260405003042.0
041 _afre
042 _adc
100 1 0 _aRontard, Yseult
_eauthor
245 0 0 _aAurélien
260 _c2020.
500 _a72
690 _aAragn
786 0 _nPhilosophie magazine | 139 | 6 | 2020-06-01 | p. 56-56 | 1951-1787
856 4 1 _uhttps://shs.cairn.info/magazine-philosophie-magazine-2020-6-page-56?lang=fr&redirect-ssocas=7080
999 _c2063948
_d2063948